Lanean...
Pilgrim's progress /
| Egile nagusia: | |
|---|---|
| Formatua: | Printed Book |
| Hizkuntza: | English |
| Argitaratua: |
Oxford University Press,
1904.
|
| Gaiak: |
| LEADER | 00465nam a2200145Ia 4500 | ||
|---|---|---|---|
| 008 | 150623b xxu||||| |||| 00| e eng d | ||
| 082 | |a 824.4B1 | ||
| 100 | |a Bunyan, John | ||
| 245 | |a Pilgrim's progress / |c John Bunyan | ||
| 260 | |b Oxford University Press, |c 1904. | ||
| 300 | |a 382 p. | ||
| 650 | |v Essays | ||
| 942 | |c BK | ||
| 999 | |c 42 |d 42 | ||
| 952 | |0 0 |1 0 |2 ddc |4 0 |6 824_000000000000000_4B1_PIL |7 0 |8 REF |9 41 |a UL |b UL |c Ref2 |d 1998-09-24 |l 0 |o 824.4B1 PIL |p 1549 |r 2012-10-27 |w 2012-10-27 |y REF | ||